000
00250 a2200109 4500
001
68540
040
_c
Anchieta - Itaigara
240
1
0
_a
A escola da Tia Maristela
_l
245
1
0
_a
A escola da Tia Maristela
650
4
_a
Literatura infantil
942
_c
MU
999
_c
68540
_d
68540